All WWE NXT Champions - Statistics

General Stats
  • This quiz has been taken 6,550 times
    5,549 since last reset
  • The average score is 21 of 27
Answer Stats
Hint Answer % Correct
NXT Seth Rollins
96%
NXT Takeover: XXV Adam Cole
90%
WWE Beast From The East Finn Balor
90%
NXT Super Tuesday II Finn Balor
90%
NXT Takeover: Rival Kevin Owens
90%
NXT Takeover: R Evolution Sami Zayn
89%
NXT Takeover: New York Johnny Gargano
87%
NXT Live Event Samoa Joe
85%
NXT Takeover: Toronto Samoa Joe
85%
NXT Takeover 36 Samoa Joe
85%
NXT New Year's Evil 2022 Bron Breakker
84%
Raw Bron Breakker
84%
NXT Tommaso Ciampa
82%
NXT 2.0 Tommaso Ciampa
82%
NXT Takeover: Brooklyn II Shinsuke Nakamura
79%
NXT Live Event Shinsuke Nakamura
79%
NXT Roadblock 2022 Dolph Ziggler
78%
NXT Arrival Adrian Neville
74%
NXT Bo Dallas
74%
NXT Big E Langston
71%
NXT Takeover: Brooklyn III Drew McIntyre
70%
NXT Great American Bash 2020 Night 2 Keith Lee
70%
NXT Takeover: San Antonio Bobby Roode
68%
NXT Takeover: XXX Karrion Kross
64%
NXT Takeover: Stand & Deliver Night 2 Karrion Kross
64%
NXT Takeover: War Games Andrade Almas
63%
NXT Takeover: New Orleans Aleister Black
61%
No matching quizzes found
Score Distribution
Percent of People with Each Score
Percentile by Number Answered
Your Score History
You have not taken this quiz since the last reset